000 00783nab a2200205 4500
001 244442
003 OSt
005 20230726121922.0
007 tu
008 200917s2020|||||||
040 _aDE-2950
_cDE-2950
245 0 0 _aPfarrer in Frankfurt verging sich über Jahre an Jungen.
_bGesellschaft. Die Diskussion um Missbrauch in der Katholischen Kirche sorgt seit Jahren für Schlagzeilen. Doch erst jetzt hat sie die Gemeinde in Frankfurt erreicht. Im Fokus: der 2017 verstorbene Pfarrer Werner Muschik/
_cInes Weber-Rath
264 _c2023
653 _a'Frankfurt (Oder)
653 _aKatholische Kirche
653 _aMissbrauch
653 _aWerner Muschik
773 0 _g34. Jahrgang (2023) Nr. 154 vom 05.07.2023, S. 15 , mit Foto
_tMärkische Oderzeitung
942 _2z
_cA
999 _c372627
_d372627